00763nam a2200193 i 450000100060000000300090000600500170001500700030003200800410003510000420007624501170011826000600023530000210029570000400031671000430035685200320039999900170043195201210044834617ES-MaACL20250804061421.0t|030207s1982 sp ||||1| spa d1 aBonilla y Mir, José Antonio.93019113aEl Tratado de Paz de 1481 entre Castilla y Granada / cJosé Antonio Bonilla y Mir y Enrique Toral Peñaranda. a[Jaén] : bInstituto de Estudios Giennenses, c[1982] a63 p. ; c24 cm.1 aToral Peñaranda, Enrique.911061220aInstituto de Estudios Giennenses94904 aES-MaACLjL-3351 bR.104257 c34617d34617 00104070aATENEOMbATENEOMcDEPO2d2008-01-17eSCl0oL-3351p1036110r2023-02-23 00:00:00w2023-02-23yMONOGRAFIA